Central Library OPAC University of Rajshahi

The making of literature : (Record no. 17302)

MARC details
000 -LEADER
fixed length control field 00848nam a2200265 a 4500
001 - CONTROL NUMBER
control field 17302
003 - CONTROL NUMBER IDENTIFIER
rucl marc code BD-RjUL
005 - DATE AND TIME OF LATEST TRANSACTION
control field 20211209000122.0
008 - FIXED-LENGTH DATA ELEMENTS--GENERAL INFORMATION
fixed length control field 140216s19671928enk 001 0 eng
035 ## - SYSTEM CONTROL NUMBER
System control number (BD-RjUL)17360
System control number (OCoLC)487573
040 ## - CATALOGING SOURCE
Original cataloging agency DLC
Transcribing agency OAU
Modifying agency OCoLC
-- DLC
-- BD-RjUL
Language of cataloging eng
041 ## - LANGUAGE CODE
Language code of text/sound track or separate title eng
082 ## - DEWEY DECIMAL CLASSIFICATION NUMBER
Classification number 809
Author mark and year SCM 1967
100 2# - MAIN ENTRY--PERSONAL NAME
Personal name Scott-James, R. A.
Fuller form of name (Rolfe Arnold),
Dates associated with a name 1878-
9 (RLIN) 53330
245 14 - TITLE STATEMENT
Title The making of literature :
Remainder of title some principles of criticism examined in the light of ancient and modern theory /
Statement of responsibility, etc. by R.A. Scott-James.
260 ## - PUBLICATION, DISTRIBUTION, ETC. (IMPRINT)
Place of publication, distribution, etc. London :
Name of publisher, distributor, etc. M. Secker,
Date of publication, distribution, etc. 1928 [revised and reprinted 1963, 1967]
300 ## - PHYSICAL DESCRIPTION
Pagination 396 p. ;
Size 23 cm.
504 ## - BIBLIOGRAPHY, ETC. NOTE
Bibliography, etc Includes index
650 #0 - SUBJECT ADDED ENTRY--TOPICAL TERM
Topical term or geographic name as entry element Criticism.
9 (RLIN) 53331
Topical term or geographic name as entry element Literature
General subdivision Theory
9 (RLIN) 238045
942 ## - ADDED ENTRY ELEMENTS (KOHA)
Source of classification or shelving scheme Dewey Decimal Classification
Koha item type Books
Holdings
Lost status Source of classification or shelving scheme Damaged status Not for loan Collection code Permanent Location Current Location Shelving location Date acquired Source of acquisition Cost, normal purchase price Total Checkouts Full call number Date last seen Copy number Koha item type
  Dewey Decimal Classification     Non-fiction Central Library, University of Rajshahi Central Library, University of Rajshahi   11/05/1974 oxford university 19.80   809 SCM 1967 16/02/2014 C-3 Books
  Dewey Decimal Classification   Not For Loan Non-fiction Central Library, University of Rajshahi Central Library, University of Rajshahi Reading Room 09/11/1964       809 SCM 1963 21/01/2020 C-1 Books
  Dewey Decimal Classification     Non-fiction Central Library, University of Rajshahi Central Library, University of Rajshahi   03/02/1973 Oxford University Press 19.80   809 SCM 1967 21/01/2020 C-2 Books